Southville International School and Colleges
Your cart is empty.
  • Cart
  • Lists
    Public lists Eva Luna New books Lux_list list_1
    Your lists Log in to create your own lists
  • Log in to your account
  • Your cookies
  • Search history
Southville International School and Colleges
  • Advanced search
  • Recent comments
  • Most popular
  • Libraries

Log in to your account

Log in with GOOGLE


If you do not have an external account, but do have a local account, you can still log in:

  1. Home
  2. MARC view: Entrepreneurship 101 /
Normal view MARC view ISBD view

Entrepreneurship 101 / (Record no. 19706)

[ view plain ]
MARC details
000 -LEADER
fixed length control field 00553nam a2200193 a 4500
005 - DATE AND TIME OF LATEST TRANSACTION
control field 20140310183154.0
008 - FIXED-LENGTH DATA ELEMENTS--GENERAL INFORMATION
fixed length control field 021015s19uu xx 00 eng d
020 ## - INTERNATIONAL STANDARD BOOK NUMBER
International Standard Book Number 0764114107
050 ## - LIBRARY OF CONGRESS CALL NUMBER
Classification number HD 62.5
Item number .Sh5427 2000
100 ## - MAIN ENTRY--PERSONAL NAME
Personal name Shim, Jae K.
245 ## - TITLE STATEMENT
Title Entrepreneurship 101 /
Statement of responsibility, etc Jae K. Shim.
260 ## - PUBLICATION, DISTRIBUTION, ETC. (IMPRINT)
Place of publication, distribution, etc Hauppauge, NY :
Name of publisher, distributor, etc Barron’s Educational Series,
Date of publication, distribution, etc 2000.
300 ## - PHYSICAL DESCRIPTION
Extent ix, 243 p. :
Dimensions 20 cm.
521 ## - TARGET AUDIENCE NOTE
Target audience note
546 ## - LANGUAGE NOTE
Language note C1050
650 ## - SUBJECT ADDED ENTRY--TOPICAL TERM
Topical term or geographic name as entry element Entrepreneurship
650 ## - SUBJECT ADDED ENTRY--TOPICAL TERM
Topical term or geographic name as entry element New business enterprises
General subdivision management
942 ## - ADDED ENTRY ELEMENTS (KOHA)
Koha item type Books
Source of classification or shelving scheme Library of Congress Classification
Call number prefix Foreign
Holdings
Withdrawn status Lost status Source of classification or shelving scheme Damaged status Home library Current library Shelving location Date acquired Total Checkouts Total Renewals Full call number Barcode Date last seen Date checked out Copy number Price effective from Koha item type
    Library of Congress Classification   College Library College Library General Circulation Section 12/09/2013 1 1 HD 62.5 .Sh5427 2000 C1050 05/15/2018 09/08/2015 1 12/09/2013 Books

Entrepreneurship 101 /

APA

Shim J. K., . (2000). Entrepreneurship 101. Hauppauge, NY: Barron’s Educational Series.

Chicago

Shim Jae K, . 2000. Entrepreneurship 101. Hauppauge, NY: Barron’s Educational Series.

Harvard

Shim J. K., . (2000). Entrepreneurship 101. Hauppauge, NY: Barron’s Educational Series.

MLA

Shim Jae K, . Entrepreneurship 101. Hauppauge, NY: Barron’s Educational Series. 2000.

  • Place hold
  • Print
  • Cite
  • Add to your cart (remove)
  • Save record
    BIBTEX Dublin Core MARCXML MARC (non-Unicode/MARC-8) MARC (Unicode/UTF-8) MARC (Unicode/UTF-8, Standard) MODS (XML) RIS
  • More searches
    Search for this title in:
    Other Libraries (WorldCat) Other Databases (Google Scholar) Online Stores (Bookfinder.com) Open Library (openlibrary.org)

Exporting to Dublin Core...

SOUTHVILLE LIBRARY

Southville International School and Colleges Library

1281 Tropical Ave. Cor. Luxembourg St., BF Homes International, Las Pinas City

Tel. No. 8256374 / 252358 Loc. 117/146

Powered by Koha